Normal view
MARC view
- Computer Networking A Top-Down Approach
Entry Topical Term
001 - CONTROL NUMBER
- control field: 72904
003 - CONTROL NUMBER IDENTIFIER
- control field: NUST
005 - DATE AND TIME OF LATEST TRANSACTION
- control field: 20210628204936.0
008 - FIXED-LENGTH DATA ELEMENTS
- fixed length control field: 210628|| aca||aabn | a|a d
040 ## - CATALOGING SOURCE
- Original cataloging agency: NUST
- Transcribing agency: NUST
150 ## - HEADING--TOPICAL TERM
- Topical term or geographic name entry element: Computer Networking A Top-Down Approach
670 ## - SOURCE DATA FOUND
- Source citation: Work cat.: (NUST): Kurose, James F. 17964, Computer networking: a top-down approach, 2019
